<?xml version="1.0" encoding="UTF-8"?>
<record
    xmlns:xsi="http://www.w3.org/2001/XMLSchema-instance"
    xsi:schemaLocation="http://www.loc.gov/MARC21/slim http://www.loc.gov/standards/marcxml/schema/MARC21slim.xsd"
    xmlns="http://www.loc.gov/MARC21/slim">

  <leader>00449nam a2200157Ia 4500</leader>
  <controlfield tag="008">230718s9999    xx            000 0 und d</controlfield>
  <datafield tag="041" ind1=" " ind2=" ">
    <subfield code="a">eng</subfield>
  </datafield>
  <datafield tag="082" ind1=" " ind2=" ">
    <subfield code="a">660.6</subfield>
    <subfield code="b">HER</subfield>
  </datafield>
  <datafield tag="100" ind1=" " ind2=" ">
    <subfield code="a">Herren R.V.</subfield>
    <subfield code="9">110567</subfield>
  </datafield>
  <datafield tag="245" ind1=" " ind2=" ">
    <subfield code="a">Introduction to Biotechnology : </subfield>
    <subfield code="b">An Agricultural Revolution</subfield>
  </datafield>
  <datafield tag="260" ind1=" " ind2=" ">
    <subfield code="c">2005</subfield>
    <subfield code="b">Thomson Publication</subfield>
  </datafield>
  <datafield tag="300" ind1=" " ind2=" ">
    <subfield code="a">411</subfield>
  </datafield>
  <datafield tag="365" ind1=" " ind2=" ">
    <subfield code="c">Rs.</subfield>
    <subfield code="b">323.40</subfield>
  </datafield>
  <datafield tag="700" ind1=" " ind2=" ">
    <subfield code="a">Herren R. V.</subfield>
    <subfield code="9">110567</subfield>
  </datafield>
  <datafield tag="906" ind1=" " ind2=" ">
    <subfield code="d">B:8118/2.2.0518-Mar-2005</subfield>
    <subfield code="c">IT</subfield>
    <subfield code="b">64.68</subfield>
  </datafield>
  <datafield tag="999" ind1=" " ind2=" ">
    <subfield code="c">310404</subfield>
    <subfield code="d">310404</subfield>
  </datafield>
  <datafield tag="952" ind1=" " ind2=" ">
    <subfield code="0">0</subfield>
    <subfield code="1">0</subfield>
    <subfield code="4">0</subfield>
    <subfield code="7">0</subfield>
    <subfield code="a">CCEP</subfield>
    <subfield code="b">CCEP</subfield>
    <subfield code="d">2005-03-28</subfield>
    <subfield code="e">Masurkar Enterprises</subfield>
    <subfield code="f">IT</subfield>
    <subfield code="g">258.72</subfield>
    <subfield code="i">8118/2.2.05</subfield>
    <subfield code="l">0</subfield>
    <subfield code="o">660.6</subfield>
    <subfield code="p">CCEP-BK-21611</subfield>
    <subfield code="r">2023-07-18 00:00:00</subfield>
    <subfield code="t">64.68</subfield>
    <subfield code="v">323.40</subfield>
    <subfield code="w">2005-03-18</subfield>
    <subfield code="y">BK</subfield>
    <subfield code="z">021611</subfield>
  </datafield>
</record>
